| 000 | 00668nam a22001935i 4500 | ||
|---|---|---|---|
| 001 | 154325 | ||
| 003 | ES-MaACL | ||
| 005 | 20250808063249.0 | ||
| 008 | 040715s1887 fr |||| | fre d | ||
| 040 |
_aCAM _bspa _cCAM |
||
| 100 | 1 |
_aGiraud, Paul. _9127334 |
|
| 245 | 1 | 4 |
_aLes Assemblées Provinciales dans l'empire romain / _cpar Paul Giraud. |
| 260 |
_aParis : _bImprimerie Nationale : _bArmand Colin et c\pie\s éditeurs, _c1887. |
||
| 300 |
_a309 p. ; _c25 cm. |
||
| 596 | _aSegundo ed. tomado de verso de la antep. | ||
| 610 | 1 | 7 |
_aFrancia. _bAsamblées Provinciales _2 _9134394 |
| 852 |
_aES-MaACL _jF-5940 _z-- Rust. deteriorada |
||
| 999 |
_c154325 _d154325 |
||